| 000 | 00711nam a2200229 a 4500 | ||
|---|---|---|---|
| 005 | 20220904144912.0 | ||
| 008 | 040429s2001 es r 000 0 spa d | ||
| 020 | _a8478442723 | ||
| 035 | _aUPN01000133209 | ||
| 049 | _aCG | ||
| 050 | 4 |
_aPN6120.95 F2.5 _bC8.3 1995 |
|
| 245 | 0 | 0 |
_aCuentos fantásticos del XIX / _cal cuidado de Italo Calvino. |
| 250 | _a5a ed. | ||
| 260 |
_aMadrid : _bSiruela, _c2001. |
||
| 300 | _a2 v. | ||
| 440 | 0 |
_aSiruela bolsillo ; _v18 |
|
| 505 | 8 |
_aContenido: _gv.1. _tLo fantásticos visionario -- _gv.2. _gLo fantásticos cotidiano |
|
| 650 | 4 |
_aCUENTOS FANTASTICOS _97897 |
|
| 650 | 0 |
_aNovela de fantasía _98197 |
|
| 700 | 1 |
_aCalvino, Italo, _d1923-1985 _eed. |
|
| 905 | _aLibro | ||
| 999 |
_c105361 _d105361 |
||